Geodynamika strednej Európy

Salvato in:
Dettagli Bibliografici
Autore principale: Gašparovič, Martin, 1987- (Autore)
Altri autori: Fašková, Zuzana (Relatore della tesi)
Natura: Manoscritto Libro
Lingua:slovacco
Pubblicazione: Bratislava : STU v Bratislave SvF, 2010
Soggetti:
Accesso online:VAIS
Tags: Aggiungi Tag
Nessun Tag, puoi essere il primo ad aggiungerne!!

MARC

LEADER 00000ntm a22000003a 4500
001 stu221355
005 20160721135525.0
008 110215s2010----xo------------------slo-d
040 |a STU  |b slo 
041 0 |a slo 
044 |a xo 
100 1 |a Gašparovič, Martin,  |d 1987-  |4 aut  |X 39858  |7 A000039858 
242 0 0 |a Geodynamics of the Central Europe  |y eng 
245 1 |a Geodynamika strednej Európy 
260 |a Bratislava :  |b STU v Bratislave SvF,  |c 2010 
650 7 |a matematicko-počítačové modelovanie  |2 stusub 
650 7 |a Mathematical and Computational Modeling  |2 estusub 
650 7 |a ANSYS  |2 stusub 
650 7 |a ANSYS  |2 estusub 
650 7 |a metóda konečných prvkov  |2 stusub 
650 7 |a finite element method  |2 estusub 
650 7 |a ANSYS  |2 stusub 
650 7 |a ANSYS  |2 estusub 
700 1 |a Fašková, Zuzana  |4 ths  |u V220  |U SvF Stavebná fakulta  |T SvF Katedra matematiky a deskriptívnej geometrie  |U V220  |Y 23 
856 4 |a info a plný text  |u http://is.stuba.sk/zp/portal_zp.pl?podrobnosti=49467  |3 VAIS